Most Recognizable Video Game of Each Year Quiz (with images) - Statistics

General Stats
  • This quiz has been taken 55 times
    14 since last reset
  • The average score is 39 of 46
Answer Stats
Picture Hint Answer % Correct
2020 Animal Crossing: New Horizons
100%
1981 Donkey Kong
100%
2009 Minecraft
100%
1980 Pac-Man
100%
2002 Pokémon Ruby & Sapphire
100%
2010 Red Dead Redemption
100%
2017 The Legend of Zelda: Breath of the Wild
100%
2006 Wii Sports
100%
2024 Astro Bot
90%
1994 Donkey Kong Country
90%
1993 Doom (1993)
90%
2022 Elden Ring
90%
2018 God of War (2018)
90%
2013 Grand Theft Auto V
90%
2025 Hollow Knight: Silksong
90%
2021 It Takes Two
90%
1987 Mega Man
90%
1992 Mortal Kombat (1992)
90%
1984 Punch-Out!!
90%
1995 Rayman
90%
2005 Resident Evil 4
90%
1991 Sonic the Hedgehog (1991)
90%
1996 Super Mario 64
90%
1985 Super Mario Bros.
90%
2007 Super Mario Galaxy
90%
1999 Super Smash Bros.
90%
1989 Tetris (1989)
90%
1986 The Legend of Zelda
90%
1998 The Legend of Zelda: Ocarina of Time
90%
2000 The Sims
90%
2015 The Witcher 3: Wild Hunt
90%
2023 Baldur's Gate 3
80%
2003 Call of Duty
80%
1997 Final Fantasy VII
80%
1983 Mario Bros.
80%
2008 Mario Kart Wii
80%
1988 Super Mario Bros. 3
80%
1990 Super Mario World
80%
2004 World of Warcraft
80%
1982 E.T. the Extra-Terrestrial
70%
2001 Halo: Combat Evolved
70%
2016 Overwatch
70%
2011 The Elder Scrolls V: Skyrim
70%
2014 Hearthstone
50%
2019 Sekiro: Shadows Die Twice
50%
2012 Journey
30%
No matching quizzes found
Score Distribution
Percent of People with Each Score
Percentile by Number Answered
Your Score History
You have not taken this quiz since the last reset